000 00759nam a2200205 a 4500
001 000326894
003 AM-YEHGA
005 20250618075916.0
008 040414s1901 gs r 000 0 arm d
040 _aAM-YeHGA
041 0 _aarm
100 1 _aՓափազյան, Վրթանես Մեսրոպի,
_d1866-1920
_91606
245 1 0 _aԷմմա :
_bՎէպ ժամանակակից բարքերից /
_cՎ. Փափազեան.
260 _aԹիֆլիս :
_bտպ. Կ. Մարտիրոսեանցի,
_c1901.
300 _a282 էջ ;
_c22 սմ.
501 _aԱլիգ. 1 : Կազմակից է՝ Ի. Տուրգենեւ՝ Հայրեր եւ զաւակներ.-Թիֆլիզ,1904
650 1 4 _aՀայ գրականություն
_xՎեպ
942 _2udc
_cBK
090 _c512812
999 _c509350
_d509350